[Event "Ljubljana op"]
[Site "Ljubljana"]
[Date "1994.??.??"]
[Round "?"]
[White "Basagic, Zlatko"]
[Black "Jeras, Stane"]
[Result "1-0"]
[WhiteElo "2420"]
[BlackElo "2130"]

1.e4 c5 2.Nf3 Nc6 3.Bb5 e6 4.O-O Nge7 5.b3 f5 6.Re1 fxe4 7.Rxe4 Nf5 8.Bb2 Be7
9.Bxc6 bxc6 10.Rg4 O-O 11.Qe1 d6 12.Re4 e5 13.d3 Nh4 14.Nbd2 Bf5 15.Ra4 Nxf3+
16.Nxf3 Qd7 17.Qe3 Rf6 18.Rf1 Raf8 19.Nd2 Rg6 20.Ne4 Bh3 21.Ng3 Bg4 22.f4 exf4
23.Raxf4 Rxf4 24.Qxf4 h5 25.Qf7+ Kh7 26.Nf5 Bh3 27.Nxe7 Rxg2+ 28.Kh1  1-0

[Event "Ljubljana op"]
[Site "Ljubljana"]
[Date "1994.??.??"]
[Round "?"]
[White "Sutovskij, Emil"]
[Black "Muhtarov, Leonid"]
[Result "1-0"]
[WhiteElo "2465"]
[BlackElo "2180"]

1.e4 c5 2.Nf3 Nc6 3.Bb5 g6 4.Bxc6 dxc6 5.d3 Bg7 6.h3 Nf6 7.Nc3 O-O 8.Be3 Nd7
9.Qd2 Re8 10.Bh6 Bh8 11.h4 Nf6 12.h5 Ng4 13.hxg6 hxg6 14.O-O-O Qa5 15.Rh4 b5
16.e5 b4 17.Ne4 Qxa2 18.Qg5 Qa1+ 19.Kd2 Qxb2 20.Bf8 Bxe5 21.Nxe5 Qxe5 22.Rdh1 Qxg5+
23.Nxg5 Rxf8 24.Rh8+ Kg7 25.R1h7+ Kf6 26.Ne4+ Ke5 27.Rxf8 Bb7 28.Rfxf7 Ba6
29.f3  1-0

[Event "Ljubljana op"]
[Site "Ljubljana"]
[Date "1994.??.??"]
[Round "?"]
[White "Sutovskij, Emil"]
[Black "Muse, Mladen"]
[Result "1-0"]
[WhiteElo "2465"]
[BlackElo "2455"]

1.e4 c5 2.Nf3 Nc6 3.Bb5 e6 4.Bxc6 bxc6 5.O-O Qc7 6.d3 Ne7 7.Be3 Ng6 8.Ng5 f6
9.Nh3 d5 10.f4 Bd6 11.c4 Rb8 12.b3 O-O 13.Qf3 Rf7 14.Bc1 Qa5 15.Bd2 Qd8 16.Nc3 Bc7
17.Na4 dxc4 18.bxc4 Ba5 19.Qf2 Bxd2 20.Qxd2 Qd4+ 21.Kh1 Rb4 22.Qc2 Rd7 23.Rad1 Rdb7
24.Ng1 Qd6 25.Ne2 e5 26.f5 Nf8 27.Nec3 Rb8 28.Rf3 Bd7 29.Qf2 Qd4 30.Qh4 Be8
31.g4 h6 32.Qg3 Rxa4 33.Nxa4 Rb4 34.h4 Nh7 35.Nxc5 Qxc5 36.Qe1 Qd6 37.Rb1 Rb6
38.Rb3 Qb8 39.Qb1 c5 40.Rf2 Nf8 41.Rfb2 Nd7 42.Qe1 Qc8 43.Qd2 Qd8 44.Qa5 Qb8
45.Kg2 g6 46.Kh2 Kg7 47.Rb5 Qc7 48.a4 Qd6 49.Qc3 Nf8 50.a5 Rc6 51.Rb8 Bd7
52.Ra8 Rc7 53.Rbb8 Bc6 54.Rd8 Rd7 55.Rxa7 gxf5 56.gxf5 Kf7 57.a6 Ke7 58.Raxd7+ Nxd7
59.Rh8 Qc7 60.Rh7+ Kd6 61.d4 exd4 62.Qg3+ Ne5 63.Rxc7 Kxc7 64.Qg7+ Kb6 65.Kg3 Nxc4
66.Qxf6 Nd2 67.Kf4  1-0

[Event "London op"]
[Site "London"]
[Date "1994.??.??"]
[Round "1"]
[White "Smith, Alan A"]
[Black "Cherniaev, Alexander"]
[Result "0-1"]
[WhiteElo "2265"]
[BlackElo "2410"]

1.e4 c5 2.Nf3 Nc6 3.Bb5 e6 4.O-O Nge7 5.Nc3 Ng6 6.Bxc6 bxc6 7.e5 Be7 8.d3 f6
9.exf6 Bxf6 10.Ne4 Be7 11.Be3 d6 12.Bg5 e5 13.Bxe7 Qxe7 14.Nfd2 d5 15.Ng3 O-O
16.c3 Nf4 17.Nb3 Ba6 18.Nc1 Qg5 19.Kh1 h5 20.Rg1 Qg6 21.d4 h4 22.Nf1 exd4
23.cxd4 Bxf1 24.Qxf1 cxd4 25.h3 Rae8 26.Qd1 d3 27.a4 c5 28.Nb3 c4 29.Nd4 Qe4  0-1

[Event "Lloyds Bank op"]
[Site "London"]
[Date "1994.??.??"]
[Round "1"]
[White "Piper, Matthew"]
[Black "Murugan, Krishnamoorthy"]
[Result "1/2-1/2"]
[WhiteElo "2255"]
[BlackElo "2440"]

1.e4 c5 2.Nf3 Nc6 3.Bb5 e6 4.O-O Nge7 5.b3 a6 6.Bxc6 Nxc6 7.Bb2 d6 8.d4 cxd4
9.Nxd4 e5 10.Ne2 Be7 11.Nbc3 O-O 12.Nd5 Be6 13.Ba3 Re8 14.Ng3 Nd4 15.c3 Bxd5
16.exd5 Nb5 17.Bb2 Nc7 18.Qd3 a5 19.c4 Na6 20.f4 f6 21.Nf5 Bf8 22.fxe5 fxe5
23.Rae1 b5 24.cxb5 Nb4 25.Qg3 Qb6+ 26.Bd4 exd4 27.Nh6+  1/2-1/2

[Event "Lloyds Bank op"]
[Site "London"]
[Date "1994.??.??"]
[Round "8"]
[White "Thiel, Thomas"]
[Black "Arakhamia, Ketevan"]
[Result "0-1"]
[WhiteElo "2320"]
[BlackElo "2450"]

1.e4 c5 2.Nf3 Nc6 3.Bb5 e6 4.O-O Nge7 5.b3 a6 6.Bxc6 Nxc6 7.Bb2 b5 8.a4 b4
9.d4 cxd4 10.Nxd4 Bb7 11.Re1 Rc8 12.Nd2 Nxd4 13.Bxd4 d5 14.e5 Be7 15.f4 O-O
16.Nf3 Rc6 17.Rc1 Qc7 18.Re2 Rc8 19.g4 Rc3 20.Bxc3 Qxc3 21.Qf1 a5 22.Rd1 Ba6
23.Rdd2 Bc5+ 24.Kg2 Be3 25.Qd1 Bxf4 26.Nd4 Bxd2 27.Rxd2 Qe3 28.Nf3 Rc3 29.Rf2 Bb7
30.Qd4 h6 31.h3 Qe4  0-1

[Event "EUCup Gr3"]
[Site "Lubniewice"]
[Date "1994.??.??"]
[Round "2"]
[White "Levchenkov, Vitaly S"]
[Black "Salokangas, Hannu"]
[Result "1/2-1/2"]
[WhiteElo "2310"]
[BlackElo "2290"]

1.e4 c5 2.Nf3 Nc6 3.Bb5 g6 4.O-O Bg7 5.c3 Nf6 6.Re1 O-O 7.d4 cxd4 8.cxd4 d5
9.e5 Ne4 10.Bxc6 bxc6 11.Nc3 c5 12.dxc5 Nxc3 13.bxc3 Qc7 14.Be3 Bg4 15.Bd4 e6
16.h3 Bxf3 17.Qxf3 Rfd8 18.Rab1 Bf8 19.Qe3 Rdc8  1/2-1/2

[Event "Makarska"]
[Site "Makarska"]
[Date "1994.??.??"]
[Round "?"]
[White "Grosar, Aljosa"]
[Black "Gyorkos, Lajos"]
[Result "1/2-1/2"]
[WhiteElo "2430"]
[BlackElo "2415"]

1.e4 c5 2.Nf3 Nc6 3.Bb5 g6 4.Bxc6 dxc6 5.d3 Bg7 6.Nc3 e5 7.Be3 b6 8.h3 f6
9.Qd2 Be6 10.g4 Qd7 11.O-O-O O-O-O 12.Nh2 h5 13.f3 hxg4 14.hxg4 Ne7 15.Qg2 g5
16.Nf1 Rxh1 17.Qxh1 Rh8 18.Qg2 Ng6 19.Ng3 Qf7 20.a4 Bf8 21.Rh1 Rxh1+ 22.Qxh1 Qg8
23.a5 Kb7 24.Na4 Qh8 25.Qxh8 Nxh8 26.axb6 axb6 27.b4 Ng6 28.Kd2 cxb4 29.Bxb6 b3
30.cxb3 Bxb3 31.Nc5+ Kxb6 32.Nxb3 Kb5 33.Nh5 Be7 34.Ke2 Kb6 35.Nd2 Kc7 36.Nc4  1/2-1/2

[Event "Makarska"]
[Site "Makarska"]
[Date "1994.??.??"]
[Round "?"]
[White "Grosar, Aljosa"]
[Black "Stone, Raymond"]
[Result "1/2-1/2"]
[WhiteElo "2430"]
[BlackElo "2355"]

1.e4 c5 2.Nf3 Nc6 3.Bb5 g6 4.Bxc6 dxc6 5.d3 Bg7 6.Nc3 e5 7.Be3 b6 8.h3 f6
9.Qd2 Be6 10.Nh2 c4 11.d4 exd4 12.Bxd4 c5 13.Be3 Qxd2+ 14.Bxd2 O-O-O 15.O-O-O Ne7
16.Ng4 Rhe8 17.Bf4 a6 18.Ne3 Kb7 19.Ncd5 Bxd5 20.exd5 Nc8 21.h4 Re4 22.g3 b5
23.c3 Bf8 24.Rhe1 Bd6 25.f3 Re7 26.Bxd6 Rxd6 27.h5 f5 28.Kc2 Rdd7 29.b3 Nb6
30.bxc4 Nxc4 31.Nxc4 bxc4 32.Rb1+ Kc7 33.d6+ Kxd6 34.Rb6+ Kd5 35.Rd1+ Ke5
36.Rh1 gxh5 37.Rh6 Rg7 38.Re1+ Kd5 39.Rd1+ Ke5 40.Re1+ Kd5 41.Rxa6 Rde7 42.Rd1+ Ke5
43.Rh1 h4 44.Rxh4 Rxg3 45.Rxc4 Rxf3 46.Rxc5+ Kf4 47.a4 Ke3 48.a5 f4 49.Rf6 Rf1
50.a6 Ra1 51.Rh5 Ra7 52.Rh3+ Ke4 53.Rh4 R1xa6 54.Rhxf4+ Ke5 55.R4f5+ Ke4
56.Rf4+ Ke5 57.R6f5+ Ke6 58.Rh5 Ra2+ 59.Kd3 Rd7+ 60.Ke3 Rc2 61.Rh6+ Ke5 62.Rc4 Rcd2
63.Rc5+ R2d5 64.Rh5+ Ke6 65.Rc6+ R5d6 66.Rcc5 Rd5 67.Rh6+ Ke5 68.Rh5+ Ke6
69.Rc6+ R5d6 70.Rc4 Rd5 71.Re4+ Kf6 72.Rf4+ Kg6 73.Rxd5 Rxd5 74.c4 Rd8 75.c5 h5
76.c6 Kg5 77.c7 Rc8 78.Rc4 h4 79.Ke4 h3 80.Kf3 Kf5 81.Kg3 Ke6 82.Kxh3 Kd7
83.Kg4 Rxc7 84.Rxc7+ Kxc7  1/2-1/2

[Event "Makarska"]
[Site "Makarska"]
[Date "1994.??.??"]
[Round "?"]
[White "Colovic, Dusan"]
[Black "Gyorkos, Lajos"]
[Result "1/2-1/2"]
[WhiteElo "2275"]
[BlackElo "2415"]

1.e4 c5 2.Nf3 Nc6 3.Bb5 g6 4.O-O Bg7 5.Re1 Nf6 6.Bxc6 dxc6 7.h3 O-O 8.d3 Ne8
9.e5 Nc7 10.b3 Ne6 11.Nbd2 b6 12.a4 Nd4 13.Bb2 Qd5 14.Re4 f5 15.exf6 Nxf3+
16.Qxf3 exf6 17.Re7 Qxf3 18.Nxf3 Rf7 19.Rae1 Bd7 20.Kf1 Rd8 21.Nd2 Rxe7 22.Rxe7 Bf8
23.Re1 Kf7 24.a5 Be7 25.axb6 axb6 26.Ra1 Bc8 27.Ra8 Bf5 28.Ra6 Rxd3 29.Ke2 Rd7
30.Rxb6 Bxc2 31.Rxc6 Bd3+ 32.Ke1 Rb7 33.Kd1 c4 34.Nxc4 Rxb3 35.Kc1 Bxc4 36.Rxc4 Rb7
37.Kc2 h5 38.Rc6 Rd7 39.Bc3 Rd5 40.g4 hxg4 41.hxg4 Rc5 42.Rxc5  1/2-1/2

[Event "CRO-chT"]
[Site "Makarska"]
[Date "1994.??.??"]
[Round "5"]
[White "Misanovic, Vesna"]
[Black "Grabics, Monika"]
[Result "0-1"]
[WhiteElo "2340"]
[BlackElo "2295"]

1.e4 c5 2.Nf3 Nc6 3.Bb5 Qb6 4.Nc3 e6 5.O-O a6 6.Bxc6 Qxc6 7.d4 cxd4 8.Nxd4 Qc7
9.Bg5 Be7 10.Qd2 Nf6 11.Rae1 d6 12.Nf5 exf5 13.exf5 O-O 14.Rxe7 Qxe7 15.Nd5 Qe5
16.Bxf6 gxf6 17.Re1 Qxb2 18.Qh6 Bxf5 19.Ne7+ Kh8 20.Nxf5 Rg8 21.Nxd6 Rg6
22.Nxf7+ Kg8 23.Qh5 Qb4 24.c3 Qxc3 25.Rb1 Re8 26.Nh6+ Kh8 27.g3 b5 28.Nf7+ Kg7
29.Nd6 Re5 30.Qd1 Qc5 31.Rc1 Qd5 32.Ne8+ Kf8 33.Nc7 Qxd1+ 34.Rxd1 f5 35.f4 Rc5
36.Rd7 Rgc6 37.Nd5 a5 38.Ne3 Re6 39.Kf2 Re7 40.Rd6 b4 41.Rf6+ Rf7 42.Ra6 Rb7
43.h3 h5 44.g4 hxg4 45.hxg4 fxg4 46.f5 b3 47.axb3 Rxb3 48.Ra8+ Ke7 49.Ra7+ Kf6
50.Ra6+ Ke5 51.Re6+ Kf4 52.f6 g3+ 53.Ke2 Rb2+ 54.Kd3 Kg5 55.Nc4 g2 56.f7 g1=Q  0-1

[Event "Mar del Plata op"]
[Site "Mar del Plata"]
[Date "1994.??.??"]
[Round "8"]
[White "Bravo, Hector"]
[Black "Disconzi da Silva, Rodrigo"]
[Result "0-1"]
[WhiteElo "2320"]
[BlackElo "2360"]

1.e4 c5 2.Nf3 Nc6 3.Bb5 e6 4.Bxc6 bxc6 5.O-O d5 6.d3 Nf6 7.Nbd2 Be7 8.Re1 O-O
9.b3 Qb6 10.Bb2 Ba6 11.Ne5 Rad8 12.Qf3 Ne8 13.Qg3 Bf6 14.Re3 Bc8 15.Rf3 Bxe5
16.Bxe5 f6 17.Bc3 e5 18.Qh4 Be6 19.Rg3 Rf7 20.h3 Nd6 21.Nf3 d4 22.Bd2 Rdf8
23.Re1 Qd8 24.Qh6 Kh8 25.Qh5 Nc8 26.a4 Ne7 27.Bc1 Rg8 28.Ba3 Qa5 29.Re2 Qc3
30.Kh2 g5 31.Nxg5 fxg5 32.Rxg5 Ng6 33.g3 Qa1 34.Rxg6 Rxg6 35.Qxe5+ Kg8 36.Bxc5 Qf1
37.Qb8+ Kg7 38.Bxd4+ Rgf6 39.Bxf6+ Rxf6 40.Qxa7+ Kg8 41.Qa8+ Rf8 42.Qxc6 Qxe2
43.Qxe6+ Rf7 44.Qe8+ Kg7 45.Qe5+ Kg6 46.Qe6+ Rf6  0-1

[Event "Mar del Plata op"]
[Site "Mar del Plata"]
[Date "1994.??.??"]
[Round "8"]
[White "Rosito, Jorge"]
[Black "Tovillas, Daniel R"]
[Result "1-0"]
[WhiteElo "2315"]
[BlackElo "2335"]

1.e4 c5 2.Nf3 Nc6 3.Bb5 d6 4.O-O Bd7 5.c3 Nf6 6.Re1 a6 7.Bxc6 Bxc6 8.d4 Bxe4
9.Bg5 d5 10.Nbd2 Bxf3 11.Qxf3 e6 12.Bxf6 gxf6 13.c4 Bh6 14.Nb3 dxc4 15.d5 cxb3
16.dxe6 Qd2 17.e7 Qd6 18.Rad1 Qc6 19.Qd3  1-0

[Event "Marbach"]
[Site "Marbach"]
[Date "1994.??.??"]
[Round "?"]
[White "Kraut, Rainer"]
[Black "Ullrich, Frank"]
[Result "1/2-1/2"]
[WhiteElo "2420"]
[BlackElo "2250"]

1.e4 c5 2.Nf3 Nc6 3.Bb5 g6 4.O-O Bg7 5.Re1 e5 6.Bxc6 dxc6 7.d3 Qe7 8.Nbd2 Nh6
9.Nc4 f6 10.a3 Be6 11.Nfd2 O-O 12.b4 Nf7 13.bxc5 Qxc5 14.a4 Rfd8 15.Ba3 Qd4
16.a5 Bf8 17.Qb1 Rab8 18.Bxf8 Kxf8 19.Qb4+ c5 20.Qa3 Bxc4 21.Nxc4 Nd6 22.Ne3 Nb5
23.Qb3 Qd7 24.Nd5 Kg7 25.Rab1 Nd4 26.Qc4 Ne6 27.Rb2 h5 28.Reb1 h4 29.h3 Qf7
30.Qc3 Rdc8 31.Ne3 Nf4 32.Qc4 Qd7 33.Rb5 Qc6 34.Nd5 Ne2+ 35.Kf1 Nd4 36.Ne7 Qc7
37.Nd5 Qc6 38.Ne7 Qc7 39.Nd5 Qc6  1/2-1/2

[Event "Maribor Pirc"]
[Site "Maribor"]
[Date "1994.??.??"]
[Round "5"]
[White "Grosar, Aljosa"]
[Black "Kozul, Zdenko"]
[Result "0-1"]
[WhiteElo "2435"]
[BlackElo "2575"]

1.e4 c5 2.Nf3 Nc6 3.Bb5 Na5 4.d4 a6 5.Be2 cxd4 6.Nxd4 Qc7 7.O-O e6 8.Qd3 Nf6
9.c4 b6 10.Nc3 Bb7 11.b3 Bb4 12.f3 b5 13.Bd2 bxc4 14.bxc4 Bc5 15.Kh1 Nc6
16.Nxc6 Bxc6 17.f4 d6 18.f5 e5 19.Nd5 Bxd5 20.cxd5 h6 21.Rfc1 Qa7 22.Rc4 O-O
23.Qg3 Bf2 24.Qf3 Rfc8 25.Rac1 Rxc4 26.Rxc4 Rb8 27.Qd3 Rb2 28.Ra4 Qc5 29.Rc4 Qb6
30.Rc2 Rb1+ 31.Rc1 Rxc1+ 32.Bxc1 Qa5 33.Bd2 Qxa2 34.g3 a5 35.Kg2 Bc5 36.Kf3 a4
37.Bc3 a3 38.Qc4 Qb1 39.Kg2 a2 40.Qa6 Bd4  0-1

[Event "Maribor Pirc"]
[Site "Maribor"]
[Date "1994.??.??"]
[Round "9"]
[White "Barle, Janez"]
[Black "Jelen, Iztok"]
[Result "1/2-1/2"]
[WhiteElo "2440"]
[BlackElo "2385"]

1.e4 c5 2.Nf3 Nc6 3.Bb5 g6 4.O-O Bg7 5.Re1 Nf6 6.c3 O-O 7.d4 cxd4 8.cxd4 d5
9.e5 Ne4 10.Nc3 Bf5 11.Nh4 Bd7 12.Bd3 f5 13.exf6 Bxf6 14.Nxe4 dxe4 15.Rxe4 e5
16.Bc4+ Kh8 17.Bh6 Re8 18.Nf3 Bf5 19.Nxe5 Nxe5 20.Rxe5 Rxe5 21.dxe5 Bxe5
22.Qe2 Qd4 23.Re1 Re8 24.Be3 Qe4 25.Bg5 Bd4 26.Qxe4 Rxe4 27.Rxe4 Bxe4 28.Be3 Bxb2
29.Bxa7 Kg7 30.f3 Bc6 31.Kf2 Kf6 32.f4 Kf5 33.g3 Be4 34.Ke3 Bc1+ 35.Ke2 h5
36.Bd4 h4 37.Kf2 hxg3+ 38.hxg3 Kg4 39.Be6+ Bf5 40.Bd5 b5 41.Bc5 Kh3 42.Bg2+ Kg4
43.Bf3+ Kh3 44.Be2 Bd7 45.Bd3 Be8 46.Be4 Bf7 47.Kf3 Bxa2 48.Bxg6 Bd5+ 49.Kf2 Kg4
50.Bd6 b4 51.Bc2 b3 52.Bd1+ Kh3 53.Be5 b2 54.Bc2 Ba2 55.Bf5+ Kh2 56.g4 b1=Q
57.Bxb1 Bxb1 58.Kf3  1/2-1/2

[Event "Mecklenburg-Hessen"]
[Site "Mecklenburg"]
[Date "1994.??.??"]
[Round "?"]
[White "Kersten, Uwe"]
[Black "Knuth, Hannes"]
[Result "1/2-1/2"]
[WhiteElo "2355"]
[BlackElo "2350"]

1.e4 c5 2.Nf3 Nc6 3.Bb5 g6 4.O-O Bg7 5.Re1 e5 6.Bxc6 bxc6 7.c3 Ne7 8.d4 cxd4
9.cxd4 exd4 10.Nxd4 O-O 11.Nc3 Qb6 12.Nb3 d5 13.Bg5 Qc7 14.exd5 Nxd5 15.Nxd5 cxd5
16.Rc1 Qd7 17.Nd4 Qg4 18.Be3 Re8 19.Qd2 Bd7 20.Nf3 a5 21.Bd4 Bxd4 22.Qxd4 Rxe1+
23.Rxe1 Qxd4 24.Nxd4 Rb8 25.Re2 Bb5 26.Rd2 Bc4 27.b3 a4 28.f3 axb3 29.axb3 Bb5
30.Ra2 Bd7 31.Kf2 Rb7 32.h4 h5 33.Ke3 Kf8 34.Kf4 Ke7 35.Ke5 Be6 36.Nc6+ Kd7
37.Nd4 Ke7 38.Ra6 f6+ 39.Kf4 Bd7 40.Ke3 Rb4 41.Kd3 Bb5+ 42.Nxb5  1/2-1/2

[Event "Mestres"]
[Site "Mestres"]
[Date "1994.??.??"]
[Round "1"]
[White "Leonardo, Joao"]
[Black "Antunes, Antonio"]
[Result "0-1"]
[WhiteElo "2270"]
[BlackElo "2465"]

1.e4 c5 2.Nf3 Nc6 3.Bb5 g6 4.Bxc6 bxc6 5.O-O Bg7 6.Re1 f6 7.c3 Nh6 8.d4 cxd4
9.cxd4 O-O 10.Nc3 d6 11.h3 Nf7 12.b3 Bd7 13.Bb2 Re8 14.Qd2 Qa5 15.Rad1 Rad8
16.Qd3 f5 17.exf5 Bxf5 18.Qc4 Rc8 19.Na4 Bd7 20.Nc3 Kf8 21.b4 Qb6 22.Re2 Rb8
23.a3 a5 24.bxa5 Qxa5 25.Rde1 Qh5 26.Nd1 Qb5 27.Qc1 Bh6 28.Qa1 Qh5 29.Re4 Rb3
30.Bc1 Bg7 31.Rh4 Qa5 32.Ne3 Kg8 33.Qa2 Reb8 34.Nd2 Rd3 35.Rf4 d5 36.Nef1 e6
37.Rd1 Qc3  0-1

[Event "Mestres"]
[Site "Mestres"]
[Date "1994.??.??"]
[Round "5"]
[White "Ribeiro, Fernando"]
[Black "Damaso, Rui"]
[Result "0-1"]
[WhiteElo "2220"]
[BlackElo "2435"]

1.e4 c5 2.Nf3 Nc6 3.Bb5 e6 4.Bxc6 bxc6 5.O-O Ne7 6.b3 Ng6 7.Bb2 f6 8.d3 Be7
9.Nbd2 O-O 10.Re1 d6 11.d4 cxd4 12.Nxd4 Bd7 13.c4 Qb6 14.Re3 c5 15.Nc2 a5
16.Rg3 a4 17.Qh5 axb3 18.Nxb3 Qb7 19.Ne3 Qxe4 20.Nd2 Qh4 21.Qf3 Rab8 22.Bc3 Ne5
23.Qe2 f5 24.f4 Qxf4 25.Rf1 Qh6 26.Bxe5 dxe5 27.Rh3 Qg6 28.Nd1 e4 29.Nb3 f4
30.Qd2 Rbd8 31.Rxf4 Rxf4 32.Qxf4 e5  0-1

[Event "BLR-ch"]
[Site "Minsk"]
[Date "1994.??.??"]
[Round "9"]
[White "Botvinnik, Ilia"]
[Black "Smirnov, Valerij"]
[Result "0-1"]
[WhiteElo "2375"]
[BlackElo "2305"]

1.e4 c5 2.Nf3 Nc6 3.Bb5 e6 4.Bxc6 bxc6 5.O-O f6 6.Re1 Nh6 7.d4 Nf7 8.b3 cxd4
9.Qxd4 Be7 10.Ba3 d6 11.c4 O-O 12.Nc3 e5 13.Qe3 Qa5 14.Bb2 Be6 15.Rad1 Rfd8
16.h3 Bf8 17.Nh2 g6 18.Qg3 Bg7 19.f4 f5 20.exf5 Bxf5 21.fxe5 Bxe5 22.Qe3 Re8
23.Qd2 Bg3 24.Rxe8+ Rxe8 25.Ne2 Qxd2 26.Rxd2 Be1  0-1

[Event "Mlada Boleslav op"]
[Site "Mlada Boleslav"]
[Date "1994.??.??"]
[Round "1"]
[White "Jansa, Vlastimil"]
[Black "Rehak, Martin"]
[Result "1-0"]
[WhiteElo "2500"]
[BlackElo "2205"]

1.e4 c5 2.Nf3 Nc6 3.Bb5 a6 4.Bxc6 dxc6 5.h3 e5 6.O-O Bd6 7.d3 Nf6 8.a4 b5
9.Be3 O-O 10.Nbd2 Qe7 11.c4 b4 12.Nb3 Ne8 13.Nh2 f6 14.f4 Nc7 15.f5 g5 16.Qe2 a5
17.Qf2 Na6 18.Nxa5 Qc7 19.Nb3 Qe7 20.h4 h6 21.Qg3 Bd7 22.Ng4 Kh7 23.Qh2 Qg7
24.Rf3 Be8 25.hxg5 fxg5 26.Nxh6  1-0

[Event "Mlada Boleslav op"]
[Site "Mlada Boleslav"]
[Date "1994.??.??"]
[Round "1"]
[White "Gogichaishvili, Giorgi"]
[Black "Adamek, Zdenek"]
[Result "1-0"]
[WhiteElo "2410"]
[BlackElo "2120"]

1.e4 c5 2.Nf3 Nc6 3.Bb5 e6 4.O-O Nge7 5.b3 a6 6.Bxc6 Nxc6 7.Bb2 b6 8.c4 Bb7
9.Re1 Qc7 10.h3 f6 11.d4 cxd4 12.Nxd4 O-O-O 13.Nc3 Bc5 14.Na4 Rhg8 15.a3 e5
16.Nc2 Kb8 17.b4 Be7 18.Ne3 Na7 19.Nc3 Rge8 20.Qd3 Bf8 21.Bc1 Re6 22.Ned5 Bxd5
23.Nxd5 Qb7 24.Be3 Nc8 25.a4 Ree8 26.Rec1  1-0

[Event "Mlada Boleslav op"]
[Site "Mlada Boleslav"]
[Date "1994.??.??"]
[Round "3"]
[White "Jacek, Martin"]
[Black "Sherbakov, Ruslan"]
[Result "0-1"]
[WhiteElo "2185"]
[BlackElo "2510"]

1.e4 c5 2.Nf3 Nc6 3.Bb5 e6 4.O-O Nge7 5.b3 Ng6 6.Bb2 Qc7 7.d4 cxd4 8.Bxc6 bxc6
9.Qxd4 f6 10.c4 c5 11.Qe3 Bb7 12.Nc3 a6 13.Rad1 Be7 14.Ne1 O-O 15.f4 f5 16.e5 Nh4
17.Rf2 Rf7 18.Rfd2 Rd8 19.Ba3 g5 20.Rf2 gxf4 21.Qxf4 Rg7 22.Qe3 f4 23.Qh3 Qxe5
24.Na4 Qe3 25.Qxe3 fxe3 26.Re2 Nf3+ 27.Kh1 Nd4 28.Rxe3 Rf8 29.Kg1 Nc2 30.Rg3 Rxg3
31.hxg3 Ne3 32.Rxd7 Rf1+ 33.Kh2 Ng4+  0-1

[Event "Mlada Boleslav op"]
[Site "Mlada Boleslav"]
[Date "1994.??.??"]
[Round "9"]
[White "Jansa, Vlastimil"]
[Black "Sherbakov, Ruslan"]
[Result "1/2-1/2"]
[WhiteElo "2500"]
[BlackElo "2510"]

1.e4 c5 2.Nf3 Nc6 3.Bb5 e6 4.O-O Nge7 5.b3 a6 6.Bxc6 Nxc6 7.Bb2 b5 8.d4 cxd4
9.Nxd4 Qf6 10.a4 b4 11.Ra2 Nxd4 12.Bxd4 Qg6 13.Nd2 f6 14.Re1 Bb7 15.f3 Qf7
16.Nc4 d5 17.exd5 Bxd5 18.Qe2 Rd8 19.Bb6 Rc8 20.Ne3 Bb7 21.Raa1 e5 22.Rad1 Qe6
23.a5 Be7 24.Rd2 O-O 25.Red1 Rc3 26.Rd7 Bc6 27.Ra7 f5 28.Rxa6 Bf6 29.Bc7 Qc8
30.Ra7 Rf7 31.Bb6 Rxa7 32.Bxa7 h5 33.Bb6 f4 34.Nf1 e4 35.fxe4 Qe6 36.Nd2 Rxc2
37.Qxh5 Bc3 38.Nf3 Bf6 39.e5 Be7 40.Re1 Qxb3 41.e6 Qd5 42.Qg6 Bc5+ 43.Bxc5 Qxc5+
44.Kh1 Rc1 45.Qf7+ Kh7 46.e7 Rxe1+ 47.Nxe1 Qe3 48.Nf3 Bxf3 49.gxf3 Qxf3+
50.Kg1 Qe3+ 51.Kf1 Qf3+ 52.Kg1 Qe3+ 53.Kg2 Qe2+ 54.Kh3 Qf3+ 55.Kh4 Qf2+ 56.Kg5 Qg2+
57.Kf5 Qc2+ 58.Ke5 Qc5+ 59.Ke4 Qc2+ 60.Kf3 Qd1+  1/2-1/2

[Event "Mondariz op"]
[Site "Mondariz"]
[Date "1994.??.??"]
[Round "?"]
[White "Hall, Jesper"]
[Black "Antunes, Antonio"]
[Result "1/2-1/2"]
[WhiteElo "2435"]
[BlackElo "2510"]

1.e4 c5 2.Nf3 Nc6 3.Bb5 g6 4.Bxc6 bxc6 5.O-O Bg7 6.Re1 Nh6 7.c3 f6 8.d4 cxd4
9.cxd4 d6 10.b3 O-O 11.Bb2 Nf7 12.Nbd2 Be6 13.d5 Bd7 14.Nd4 c5 15.Nc2 Bh6
16.Nc4 Ne5 17.N2e3 Qc8 18.g3  1/2-1/2

[Event "Montevideo"]
[Site "Montevideo"]
[Date "1994.??.??"]
[Round "7"]
[White "Fraschini, Mariano"]
[Black "Roselli Mailhe, Bernardo"]
[Result "0-1"]
[WhiteElo "2385"]
[BlackElo "2375"]

1.e4 c5 2.Nf3 Nc6 3.Bb5 g6 4.O-O Bg7 5.Re1 Nf6 6.c3 O-O 7.h3 Qb6 8.Bxc6 Qxc6
9.e5 Nd5 10.c4 Nc7 11.Nc3 d5 12.d3 b6 13.Bg5 Re8 14.Qd2 Bb7 15.Bh6 Bh8 16.Qf4 Rad8
17.Qh4 dxc4 18.dxc4 Rd4 19.Qg3 Rxc4 20.Rad1 b5 21.Ng5 b4 22.Nce4 Ne6 23.f3 Nd4
24.Qf4 Qd5 25.Kh1 Bc6 26.e6 f6 27.Nf7 Nxe6 28.Qe3 Rd4 29.Rc1 Kxf7 30.Bf4 Rd3
31.Nd6+ exd6  0-1

[Event "Moravia-ch op"]
[Site "Moravia"]
[Date "1994.??.??"]
[Round "?"]
[White "Kolar, Srecko"]
[Black "Obsivac, Josef"]
[Result "0-1"]
[WhiteElo "2220"]
[BlackElo "2310"]

1.e4 c5 2.Nf3 Nc6 3.Bb5 e6 4.O-O Nge7 5.c3 a6 6.Be2 d5 7.d3 Ng6 8.Re1 Be7
9.Na3 O-O 10.g3 b5 11.Nc2 d4 12.h4 e5 13.h5 Nh8 14.Nh2 Be6 15.f4 exf4 16.gxf4 f5
17.Nf3 Nf7 18.Rf1 Qd7 19.Rf2 Rad8 20.Nce1 dxc3 21.exf5 c2 22.Qxc2 Bxf5 23.Rg2 Nd4
24.Nxd4 Qxd4+ 25.Kh2 Bf6 26.Qb3 Rfe8 27.a4 Be6 28.Qc2 b4 29.Nf3 Qd5 30.d4 cxd4
31.Ne1 b3 32.Qd3 Bf5 33.Qxa6 d3 34.Bf3 Qd4 35.Qa5 Be4 36.Bxe4 Qxe4 37.Bd2 Rd5
38.Qb4 Rxh5+ 39.Kg3 Bh4+ 40.Kg4 Qg6+ 41.Kf3 Qc6+ 42.Kg4 Bxe1 43.Rxe1 Qxg2+  0-1

[Event "Moravia-ch op"]
[Site "Moravia"]
[Date "1994.??.??"]
[Round "?"]
[White "Chura, Jan"]
[Black "Zpevak, Pavel"]
[Result "1/2-1/2"]
[WhiteElo "2220"]
[BlackElo "2375"]

1.e4 c5 2.Nf3 Nc6 3.Bb5 g6 4.Bxc6 dxc6 5.h3 Bg7 6.d3 b6 7.Nc3 f6 8.Be3 Nh6
9.Qd2 Nf7 10.O-O-O e5  1/2-1/2

[Event "Moscow ol (Men)"]
[Site "Moscow"]
[Date "1994.??.??"]
[Round "1"]
[White "Kassis, Antoine"]
[Black "Santo Roman, Marc"]
[Result "0-1"]
[WhiteElo "2205"]
[BlackElo "2420"]

1.e4 c5 2.Nf3 Nc6 3.Bb5 g6 4.O-O Bg7 5.Re1 Nf6 6.Bxc6 dxc6 7.h3 O-O 8.d3 Ne8
9.Nc3 e5 10.Be3 Qe7 11.Qd2 Nc7 12.Bh6 f6 13.Bxg7 Kxg7 14.Ne2 b6 15.a4 Ba6
16.Nh2 Rad8 17.Qc3 Ne6 18.Rab1 c4 19.dxc4 Nc5 20.Qe3 Bxc4 21.b3 Ba6 22.f3 Ne6
23.c4 Qb4 24.Red1 h5 25.Qc3 Qc5+ 26.Kh1 Qf2 27.Qe1 Rxd1 28.Rxd1 Qxe1+ 29.Rxe1 Rd8
30.Nf1 Rd3 31.Nc1 Rc3 32.Nd2 Rc2 33.Rd1 Nd4 34.Nb1 Bc8 35.Nd2 a5 36.Nd3 Rc3
37.Nc1 h4 38.Nb1 Rc2 39.Nd2 Kh6 40.Nd3 Rc3 41.Nc1 Kg5 42.Re1 Rc2 43.Rd1 Be6
44.Nd3 Rc3 45.Nc1 b5 46.cxb5 cxb5 47.axb5 Nxb5 48.Kh2 Rc2 49.b4 axb4 50.Ncb3 Bxb3
51.Nxb3 Re2 52.Rd2 Rxd2 53.Nxd2 Kf4 54.Nb3 Nd4 55.Nd2 Ne6 56.Kg1 Ke3  0-1

[Event "Moscow ol (Women)"]
[Site "Moscow"]
[Date "1994.??.??"]
[Round "2"]
[White "Uskova, Fliura"]
[Black "Maksimovic, Suzana"]
[Result "1-0"]
[WhiteElo "2250"]
[BlackElo "2295"]

1.e4 c5 2.Nf3 Nc6 3.Bb5 g6 4.Bxc6 dxc6 5.h3 Bg7 6.d3 e5 7.O-O Qe7 8.a4 Nf6
9.Nbd2 O-O 10.Nc4 Ne8 11.Nh2 Be6 12.b3 Rd8 13.Qe2 Nc7 14.Rb1 Bc8 15.f4 exf4
16.Bxf4 Nd5 17.Rbe1 Nxf4 18.Rxf4 b5 19.Ne3 a6 20.Kh1 c4 21.dxc4 bxa4 22.bxa4 Qb4
23.Ref1 Rd2 24.Qe1 a5 25.Nhg4 Bxg4 26.Rxg4 Be5 27.Qh4 Rfd8 28.Qg5 Qc3 29.Qh6 R8d7
30.Rh4 f6 31.Rg4 Re2 32.Nf5 Re1 33.Rxg6+ hxg6 34.Qxg6+ Kf8 35.Qh6+ Kf7 36.Qg7+ Ke6
37.Qg8+ Rf7 38.Qe8+  1-0

[Event "Moscow ol (Men)"]
[Site "Moscow"]
[Date "1994.??.??"]
[Round "2"]
[White "Damaso, Rui"]
[Black "Veingold, Aleksandr"]
[Result "0-1"]
[WhiteElo "2420"]
[BlackElo "2430"]

1.e4 c5 2.Nf3 Nc6 3.Bb5 d6 4.O-O Bd7 5.c3 a6 6.Bxc6 Bxc6 7.Re1 Nf6 8.d4 Bxe4
9.Bg5 Bd5 10.dxc5 dxc5 11.Ne5 h6 12.Qa4+ b5 13.Qh4 e6 14.c4 bxc4 15.Nc3 Be7
16.Rad1 O-O 17.Nxd5 Nxd5 18.Bxe7 Qxe7 19.Qxc4 Rfc8 20.b3 Qb7 21.Rd3 Qb4 22.Rc1 a5
23.h3 a4 24.Nd7 axb3 25.axb3 Rc7 26.Nxc5 Qxc4 27.Rxc4 Rac8 28.b4 Nxb4 29.Rxb4 Rxc5
30.Rb1 Rf5 31.g4 Rf4 32.Kg2 g5 33.Rf3 Rxf3 34.Kxf3 Rc3+ 35.Kg2 Kg7 36.Rb8 Rc4
37.Ra8 h5 38.gxh5 Rh4 39.Ra5 Rxh5 40.Kg3 Kg6 41.Ra2 Rh4 42.Ra5 Rb4 43.Kg2 f6
44.Kg3 e5 45.f3 Rb3 46.Kg2 Rb2+ 47.Kg1 Rb6 48.Kg2 Kh5 49.Ra2 Rb4 50.Rc2 Rd4
51.Ra2 f5 52.Rc2 f4 53.Ra2 Rd3 54.Re2 Rd5 55.Rb2 Ra5 56.Rc2 Ra3 57.Rd2 Re3
58.Rc2 e4  0-1

[Event "Moscow ol (Women)"]
[Site "Moscow"]
[Date "1994.??.??"]
[Round "2"]
[White "Skripchenko, Almira"]
[Black "Licina, Anita"]
[Result "1-0"]
[WhiteElo "2270"]
[BlackElo "2195"]

1.e4 c5 2.Nf3 Nc6 3.Bb5 Nf6 4.Nc3 g6 5.h3 Nd4 6.Nxd4 cxd4 7.e5 dxc3 8.exf6 Qb6
9.Qe2 a6 10.fxe7 Bg7 11.Bc4 cxb2 12.Bxb2 Qxb2 13.O-O Qe5 14.Qf3 Qf5 15.Qe3 Bxa1
16.Rxa1 b5 17.Qd4 f6 18.Bd5 Ra7 19.Re1 h5 20.Be4 Qg5 21.Qxa7 d5 22.h4 Qh6
23.Bxd5 Qxd2 24.Bc6+ Bd7 25.Bxd7+  1-0